00377pab a2200133 454500008004000000100002300040245009400063260000900157300001400166362000800180650002300188650001800211773001400229180718b2003 xxu||||| |||| 00| 0 eng d aPerez, J.D. Garcia aEarly socio-political and environmental consequences of the prestige oil spill in Galicia c2003 ap.207-23. aSep aPetroleum industry aOil pollution aDisasters